[Event "LSS No Engine Cup 35 Final"]
[Site "LSS email"]
[Date "2011.11.24"]
[Round "?"]
[White "Perez, Giorgio"]
[Black "Tamashiro, Ariel"]
[Result "1-0"]
[WhiteElo "1870"]
[BlackElo "1274"]
[PlyCount "29"]
[EventDate "2011.11.25"]
[EventType "tourn (corr)"]
[EventRounds "6"]
[EventCountry "GER"]
[SourceTitle "Corr 2015"]
[Source "ChessBase"]
[SourceDate "2015.07.17"]
[SourceVersion "1"]
[SourceVersionDate "2015.07.17"]
[SourceQuality "1"]

1. e4 c5 2. Nf3 d6 3. d4 cxd4 4. Nxd4 Nf6 5. Nc3 g6 6. Be3 Bg7 7. f3 0-0 8. Qd2 Nc6 9. Bc4 Bd7 10. h4 h5 11. Bb3 Rc8 12. 0-0-0 Ne5 13. Kb1 Nc4 14. Bxc4 Rxc4 15. Nde2 1-0

[Event "LSS No Engine Cup 48 Preliminary 5"]
[Site "LSS email"]
[Date "2011.08.12"]
[Round "?"]
[White "Cruz Rivera, Pablo Ricardo"]
[Black "Tamashiro, Ariel"]
[Result "0-1"]
[WhiteElo "728"]
[BlackElo "1281"]
[PlyCount "46"]
[EventDate "2011.08.13"]
[EventType "tourn (corr)"]
[EventRounds "6"]
[EventCountry "GER"]
[SourceTitle "Telechess CBM 149"]
[Source "ChessBase"]
[SourceDate "2012.07.17"]
[SourceVersion "1"]
[SourceVersionDate "2012.07.17"]
[SourceQuality "1"]

1. d4 Nf6 2. e3 e6 3. Nf3 b6 4. Nc3 Bb7 5. Bc4 Bb4 6. 0-0 Bxc3 7. bxc3 0-0 8. Ba3 d6 9. Rb1 Nbd7 10. Ng5 Nd5 11. Bxd5 Bxd5 12. Qh5 h6 13. Nf3 Bxa2 14. Rb5 Bc4 15. Rb4 Bxf1 16. Kxf1 a5 17. Rc4 Nf6 18. Qb5 Re8 19. Nh4 Ne4 20. Bc1 Qxh4 21. g3 Qxh2 22. Ke1 Qxf2+ 23. Kd1 Qf1# 0-1

[Event "LSS No Engine Cup 48 Preliminary 5"]
[Site "LSS email"]
[Date "2011.08.12"]
[Round "?"]
[White "Herzog, Klaus"]
[Black "Tamashiro, Ariel"]
[Result "1-0"]
[WhiteElo "1791"]
[BlackElo "1281"]
[PlyCount "41"]
[EventDate "2011.08.13"]
[EventType "tourn (corr)"]
[EventRounds "6"]
[EventCountry "GER"]
[SourceTitle "Telechess CBM 149"]
[Source "ChessBase"]
[SourceDate "2012.07.17"]
[SourceVersion "1"]
[SourceVersionDate "2012.07.17"]
[SourceQuality "1"]

1. e4 c5 2. c3 Nf6 3. e5 Nd5 4. d4 cxd4 5. Nf3 Nc6 6. cxd4 d6 7. Bc4 Nb6 8. Bb3 dxe5 9. d5 Na5 10. Nc3 Nxb3 11. Qxb3 e6 12. 0-0 exd5 13. Nxe5 Be7 14. Be3 Be6 15. Qb5+ Kf8 16. Rfe1 Nc4 17. Nxc4 dxc4 18. Qxb7 a6 19. Qf3 Bf6 20. Rad1 Qa5 21. Qxa8+ 1-0

[Event "LSS No Engine Cup 48 Preliminary 5"]
[Site "LSS email"]
[Date "2011.08.12"]
[Round "?"]
[White "Tamashiro, Ariel"]
[Black "Stadler, Pavel"]
[Result "1-0"]
[WhiteElo "1281"]
[BlackElo "1368"]
[PlyCount "32"]
[EventDate "2011.08.13"]
[EventType "tourn (corr)"]
[EventRounds "6"]
[EventCountry "GER"]
[SourceTitle "Corr 2015"]
[Source "ChessBase"]
[SourceDate "2015.07.17"]
[SourceVersion "1"]
[SourceVersionDate "2015.07.17"]
[SourceQuality "1"]

1. e4 c5 2. f4 d5 3. exd5 Qxd5 4. Nc3 Qd8 5. Nf3 Nf6 6. Ne5 e6 7. Qf3 Be7 8. b3 0-0 9. Bb2 Nbd7 10. Bd3 Rb8 11. 0-0 Nxe5 12. fxe5 Nd5 13. Qh5 g6 14. Qh3 Bd7 15. Ne4 Bc6 16. Nf6+ Nxf6 1-0

[Event "BI-2011-P-00015"]
[Site "LSS email"]
[Date "2011.04.17"]
[Round "?"]
[White "Launhardt, Wolfgang"]
[Black "Tamashiro, Ariel"]
[Result "1-0"]
[WhiteElo "2150"]
[BlackElo "1278"]
[PlyCount "23"]
[EventDate "2011.04.20"]
[EventType "tourn (corr)"]
[EventRounds "10"]
[EventCountry "GER"]
[SourceTitle "Corr 2015"]
[Source "ChessBase"]
[SourceDate "2015.07.17"]
[SourceVersion "1"]
[SourceVersionDate "2015.07.17"]
[SourceQuality "1"]

1. c4 Nf6 2. Nc3 e6 3. e4 c5 4. e5 Ng8 5. Nf3 Nc6 6. d4 cxd4 7. Nxd4 Nxe5 8. Be2 Nf6 9. f4 Nc6 10. f5 Bc5 11. Nb3 Be7 12. fxe6 1-0

[Event "BI-2011-P-00015"]
[Site "LSS email"]
[Date "2011.04.17"]
[Round "?"]
[White "Tamashiro, Ariel"]
[Black "Taroma Corpus, Roger"]
[Result "0-1"]
[WhiteElo "1278"]
[BlackElo "1555"]
[PlyCount "48"]
[EventDate "2011.04.20"]
[EventType "tourn (corr)"]
[EventRounds "10"]
[EventCountry "GER"]
[SourceTitle "Telechess CBM 157"]
[Source "ChessBase"]
[SourceDate "2013.11.12"]
[SourceVersion "1"]
[SourceVersionDate "2013.11.12"]
[SourceQuality "1"]

1. e4 e5 2. Nf3 Nc6 3. Bb5 a6 4. Bxc6 dxc6 5. 0-0 Qd6 6. d4 exd4 7. Nxd4 Bd7 8. Be3 0-0-0 9. Nd2 Qg6 10. Qe2 Nf6 11. f3 Qh5 12. c3 c5 13. N4b3 Bd6 14. g3 Rhe8 15. Qf2 Be6 16. Rad1 Nd7 17. f4 Bg4 18. Rde1 Bf8 19. e5 f6 20. exf6 Nxf6 21. Bxc5 Bxc5 22. Nxc5 Be2 23. Ncb3 Bxf1 24. Nxf1 Ng4 0-1

[Event "BI-2011-P-00015"]
[Site "LSS email"]
[Date "2011.04.17"]
[Round "?"]
[White "Tamashiro, Ariel"]
[Black "Wantoch Rekowski, Jacek"]
[Result "0-1"]
[WhiteElo "1278"]
[BlackElo "1810"]
[PlyCount "68"]
[EventDate "2011.04.20"]
[EventType "tourn (corr)"]
[EventRounds "10"]
[EventCountry "GER"]
[SourceTitle "Telechess CBM 157"]
[Source "ChessBase"]
[SourceDate "2013.11.12"]
[SourceVersion "1"]
[SourceVersionDate "2013.11.12"]
[SourceQuality "1"]

1. e4 c5 2. f4 e6 3. Nf3 d5 4. Bb5+ Bd7 5. Bxd7+ Nxd7 6. exd5 exd5 7. 0-0 Bd6 8. Nc3 Ne7 9. d4 0-0 10. Kh1 Nf6 11. Ne5 cxd4 12. Qxd4 Nc6 13. Nxc6 bxc6 14. Bd2 Re8 15. Rae1 Qb6 16. Qxb6 axb6 17. a3 b5 18. g3 b4 19. axb4 Bxb4 20. Kg2 Ng4 21. Rxe8+ Rxe8 22. h3 Bxc3 23. bxc3 Re2+ 24. Kf3 Rxd2 25. Kxg4 Rxc2 26. Rf3 g6 27. f5 Kg7 28. fxg6 hxg6 29. h4 Re2 30. Rd3 Re4+ 31. Kf3 Kf6 32. Rd2 Rc4 33. Rd3 Ke5 34. Ke3 Rxc3 0-1

[Event "BI-2010-F-00017"]
[Site "LSS email"]
[Date "2011.02.21"]
[Round "?"]
[White "Tamashiro, Ariel"]
[Black "Falco, Osvaldo"]
[Result "0-1"]
[WhiteElo "1295"]
[BlackElo "1175"]
[PlyCount "84"]
[EventDate "2011.02.24"]
[EventType "tourn (corr)"]
[EventRounds "10"]
[EventCountry "GER"]
[SourceTitle "Telechess CBM 151"]
[Source "ChessBase"]
[SourceDate "2012.11.13"]
[SourceVersion "1"]
[SourceVersionDate "2012.11.13"]
[SourceQuality "1"]

1. e4 d6 2. d4 Nf6 3. Nc3 g6 4. f4 Bg7 5. Nf3 c5 6. dxc5 Qa5 7. Bd3 Qxc5 8. Qe2 Bg4 9. Be3 Qa5 10. 0-0 Nc6 11. h3 Bxf3 12. Qxf3 0-0 13. a3 Nd7 14. Bd2 Qd8 15. Kh1 e6 16. Qg3 a6 17. f5 Be5 18. Bf4 Nf6 19. Qf2 Kg7 20. g4 h6 21. Bc4 Bxc3 22. bxc3 Nxe4 23. Bxh6+ Kxh6 24. Qf4+ Kh7 25. Qxe4 d5 26. fxg6+ fxg6 27. Qxe6 dxc4 28. Rf7+ Rxf7 29. Qxf7+ Kh6 30. Qxb7 Qd5+ 31. Kh2 Rf8 32. g5+ Kxg5 33. Rg1+ Kh6 34. Qb6 Qe5+ 35. Kh1 Qe4+ 36. Kh2 Qf4+ 37. Kh1 Qf3+ 38. Rg2 Ne5 39. Qc5 Qf1+ 40. Kh2 Nf3+ 41. Kg3 Qe1+ 42. Rf2 Qg1+ 0-1

[Event "BI-2010-F-00017"]
[Site "LSS email"]
[Date "2011.02.21"]
[Round "?"]
[White "Tamashiro, Ariel"]
[Black "Zimmermann, Jan Erik"]
[Result "1-0"]
[WhiteElo "1295"]
[BlackElo "870"]
[PlyCount "59"]
[EventDate "2011.02.24"]
[EventType "tourn (corr)"]
[EventRounds "10"]
[EventCountry "GER"]
[SourceTitle "Telechess CBM 151"]
[Source "ChessBase"]
[SourceDate "2012.11.13"]
[SourceVersion "1"]
[SourceVersionDate "2012.11.13"]
[SourceQuality "1"]

1. e4 c5 2. f4 Nc6 3. d3 g6 4. Nf3 Bg7 5. Be2 d6 6. 0-0 e6 7. Nc3 Nge7 8. Qe1 d5 9. e5 Nf5 10. Qf2 b6 11. g4 Nfd4 12. Bd1 Bb7 13. Be3 Nxf3+ 14. Bxf3 d4 15. Qg2 Rc8 16. Nb5 dxe3 17. Nd6+ Ke7 18. Nxb7 Qd7 19. Nd6 Rc7 20. Nb5 Rcc8 21. Bxc6 Rxc6 22. Qf3 a6 23. Nc3 Qd4 24. Qxc6 c4 25. Qc7+ Ke8 26. Qxc4 Qxc4 27. dxc4 f5 28. gxf5 gxf5 29. Kg2 Bh6 30. Kf3 1-0

[Event "OP-2011-0-01373"]
[Site "LSS email"]
[Date "2011.01.15"]
[Round "?"]
[White "Tamashiro, Ariel"]
[Black "Hammerschmidt, Volker"]
[Result "0-1"]
[WhiteElo "1229"]
[BlackElo "1435"]
[PlyCount "44"]
[EventDate "2011.01.09"]
[EventType "tourn (corr)"]
[EventRounds "4"]
[EventCountry "GER"]
[SourceTitle "Telechess CBM 147"]
[Source "ChessBase"]
[SourceDate "2012.03.16"]
[SourceVersion "1"]
[SourceVersionDate "2012.03.16"]
[SourceQuality "1"]

1. e4 e5 2. Nf3 Nf6 3. Nxe5 d6 4. Nf3 Nxe4 5. d4 d5 6. Bd3 Be7 7. 0-0 Nc6 8. Re1 Bg4 9. c4 Nf6 10. cxd5 Bxf3 11. Qxf3 Qxd5 12. Qh3 Qxd4 13. Nc3 Rd8 14. Bc2 0-0 15. Bg5 h6 16. Bxh6 gxh6 17. Re3 Ng4 18. Ne2 Qxb2 19. Qxg4+ Kh8 20. Re1 Qxc2 21. Qh5 Bg5 22. Rg3 Rd1 0-1

[Event "LSS RE-2010-0-00050"]
[Site "LSS email"]
[Date "2011.01.04"]
[Round "?"]
[White "Tamashiro, Ariel"]
[Black "Prakash, Om"]
[Result "0-1"]
[WhiteElo "1256"]
[BlackElo "1443"]
[PlyCount "56"]
[EventDate "2010.11.11"]
[EventType "tourn (corr)"]
[EventRounds "6"]
[EventCountry "GER"]
[SourceTitle "Telechess CBM 145"]
[Source "Chessbase"]
[SourceDate "2011.11.11"]
[SourceVersion "1"]
[SourceVersionDate "2011.11.11"]
[SourceQuality "1"]

1. e4 c5 2. f4 Nc6 3. Nf3 d6 4. Bb5 Bd7 5. 0-0 e6 6. Nc3 Nf6 7. e5 dxe5 8. Nxe5 Bd6 9. Bxc6 Bxc6 10. Nxc6 bxc6 11. Qf3 0-0 12. Qxc6 Rc8 13. Qf3 c4 14. Ne4 Qb6+ 15. Kh1 Nxe4 16. Qxe4 Rfd8 17. b3 Bb8 18. Qe3 Qa5 19. Rd1 cxb3 20. cxb3 Rc3 21. Qe4 Rcd3 22. Bb2 Rxd2 23. Rxd2 Qxd2 24. Qb1 Bxf4 25. g3 Qd5+ 26. Kg1 Be3+ 27. Kf1 Qf3+ 28. Ke1 Qf2# 0-1

[Event "LSS RE-2010-0-00050"]
[Site "LSS email"]
[Date "2011.01.01"]
[Round "?"]
[White "Harris, Jarrod Michael"]
[Black "Tamashiro, Ariel"]
[Result "1/2-1/2"]
[WhiteElo "1096"]
[BlackElo "1256"]
[PlyCount "31"]
[EventDate "2010.11.11"]
[EventType "tourn (corr)"]
[EventRounds "6"]
[EventCountry "GER"]
[SourceTitle "Corr 2013"]
[Source "ChessBase"]
[SourceDate "2012.11.12"]
[SourceVersion "1"]
[SourceVersionDate "2012.11.12"]
[SourceQuality "1"]

1. Nf3 Nf6 2. c4 e6 3. Nc3 Bb4 4. Qc2 0-0 5. a3 Bxc3 6. Qxc3 b6 7. d4 Bb7 8. Bg5 d6 9. Nd2 Nbd7 10. f3 Rc8 11. e3 c5 12. Be2 Re8 13. dxc5 Rxc5 14. Bxf6 Nxf6 15. b4 Rc7 16. Qb2 1/2-1/2

[Event "LSS RE-2010-0-00050"]
[Site "LSS email"]
[Date "2011.01.01"]
[Round "?"]
[White "Svidersky, Andrej"]
[Black "Tamashiro, Ariel"]
[Result "1-0"]
[WhiteElo "1752"]
[BlackElo "1256"]
[PlyCount "67"]
[EventDate "2010.11.11"]
[EventType "tourn (corr)"]
[EventRounds "6"]
[EventCountry "GER"]
[SourceTitle "Telechess CBM 145"]
[Source "Chessbase"]
[SourceDate "2011.11.11"]
[SourceVersion "1"]
[SourceVersionDate "2011.11.11"]
[SourceQuality "1"]

1. c4 Nf6 2. Nc3 e5 3. Nf3 Nc6 4. g3 Bb4 5. Bg2 0-0 6. 0-0 e4 7. Ng5 Bxc3 8. bxc3 Re8 9. f3 e3 10. d3 d5 11. Qb3 d4 12. Bb2 h6 13. Ne4 Nxe4 14. fxe4 Bg4 15. Rae1 Rb8 16. Rf4 Be6 17. e5 Nxe5 18. cxd4 Ng6 19. Re4 Bf5 20. Rxe8+ Qxe8 21. c5 b6 22. c6 Rd8 23. d5 Ne7 24. Qc4 Bg6 25. Rf1 a5 26. Ba3 Nc8 27. Qf4 Nd6 28. Rf3 b5 29. Rxe3 Qf8 30. Bc5 Re8 31. Rxe8 Qxe8 32. e4 Qb8 33. e5 Nc8 34. d6 1-0

[Event "LSS SE-2010-0-00060"]
[Site "LSS email"]
[Date "2010.12.31"]
[Round "?"]
[White "Hermansen, Rune"]
[Black "Tamashiro, Ariel"]
[Result "0-1"]
[WhiteElo "1130"]
[BlackElo "1221"]
[PlyCount "29"]
[EventDate "2010.11.07"]
[EventType "tourn (corr)"]
[EventRounds "6"]
[EventCountry "GER"]
[SourceTitle "Corr 2015"]
[Source "ChessBase"]
[SourceDate "2015.07.17"]
[SourceVersion "1"]
[SourceVersionDate "2015.07.17"]
[SourceQuality "1"]

1. d4 Nf6 2. Nf3 e6 3. Bf4 b6 4. e3 Bb7 5. c3 Be7 6. Nbd2 0-0 7. Be2 c5 8. 0-0 Nh5 9. Bxb8 Qxb8 10. Ne5 Nf6 11. Bf3 d5 12. e4 dxe4 13. Be2 cxd4 14. cxd4 Bd6 15. Ndc4 0-1

[Event "LSS SE-2010-0-00060"]
[Site "LSS email"]
[Date "2010.12.31"]
[Round "?"]
[White "Shim Ng Min, Francis"]
[Black "Tamashiro, Ariel"]
[Result "1/2-1/2"]
[WhiteElo "1131"]
[BlackElo "1221"]
[PlyCount "64"]
[EventDate "2010.11.07"]
[EventType "tourn (corr)"]
[EventRounds "6"]
[EventCountry "GER"]
[SourceTitle "Telechess CBM 151"]
[Source "ChessBase"]
[SourceDate "2012.11.13"]
[SourceVersion "1"]
[SourceVersionDate "2012.11.13"]
[SourceQuality "1"]

1. e4 c5 2. Nf3 d6 3. d4 cxd4 4. Nxd4 Nf6 5. Nc3 g6 6. f4 Nc6 7. Nxc6 bxc6 8. e5 Nd7 9. Bc4 Nb6 10. exd6 Qxd6 11. Qxd6 exd6 12. Bd3 Bg7 13. Bd2 f5 14. 0-0-0 Be6 15. Rhe1 Kd7 16. Ne2 Na4 17. Bc3 Nxc3 18. Nxc3 Rab8 19. Na4 Rb4 20. b3 Rxf4 21. Nc5+ dxc5 22. Bxf5+ Rd4 23. Bxe6+ Kc7 24. Bc4 Rhd8 25. Re7+ R8d7 26. Rxd7+ Rxd7 27. Rxd7+ Kxd7 28. Kd2 Kd6 29. Ke3 Ke5 30. Be2 Bh6+ 31. Kd3 Bf4 32. h3 Kd5 1/2-1/2

[Event "LSS SE-2010-0-00060"]
[Site "LSS email"]
[Date "2010.12.31"]
[Round "?"]
[White "Tamashiro, Ariel"]
[Black "Laureles, Raymundo"]
[Result "1-0"]
[WhiteElo "1221"]
[BlackElo "1103"]
[PlyCount "103"]
[EventDate "2010.11.07"]
[EventType "tourn (corr)"]
[EventRounds "6"]
[EventCountry "GER"]
[SourceTitle "Telechess CBM 147"]
[Source "ChessBase"]
[SourceDate "2012.03.16"]
[SourceVersion "1"]
[SourceVersionDate "2012.03.16"]
[SourceQuality "1"]

1. e4 c6 2. d4 d5 3. Nd2 dxe4 4. Nxe4 Bf5 5. Ng3 Bg6 6. h4 h6 7. h5 Bh7 8. Nf3 Nf6 9. Bd3 Bxd3 10. Qxd3 e6 11. Bf4 Bd6 12. Bxd6 Qxd6 13. 0-0-0 Nbd7 14. Rh4 0-0-0 15. c4 Kb8 16. Qe2 Rhe8 17. Ne5 Re7 18. Ne4 Nxe4 19. Rxe4 Qb4 20. d5 Nxe5 21. Rxe5 cxd5 22. cxd5 Rc7+ 23. Kb1 Rcd7 24. Qf3 Qa4 25. Rde1 Rc7 26. b3 Qb4 27. dxe6 fxe6 28. Rxe6 Qb5 29. Qe2 Qf5+ 30. Kb2 Qg5 31. Re8 Rcc8 32. Rxd8 Rxd8 33. Qe5+ Qxe5+ 34. Rxe5 Rd2+ 35. Ka3 Rxf2 36. Re8+ Kc7 37. Re7+ Kc8 38. Rxg7 a5 39. g4 b5 40. Rg6 b4+ 41. Ka4 Rxa2+ 42. Kb5 Ra3 43. Kc4 Ra2 44. Rxh6 Rc2+ 45. Kb5 Rc3 46. Rc6+ Kd7 47. Rg6 Rxb3 48. Kxa5 Rb1 49. h6 b3 50. Kb4 b2 51. Kb3 Ke7 52. Kc2 1-0

[Event "OP-2010-0-01356"]
[Site "LSS email"]
[Date "2010.12.31"]
[Round "?"]
[White "Winbush, Jerome"]
[Black "Tamashiro, Ariel"]
[Result "1-0"]
[WhiteElo "1689"]
[BlackElo "1255"]
[PlyCount "57"]
[EventDate "2010.12.26"]
[EventType "tourn (corr)"]
[EventRounds "4"]
[EventCountry "GER"]
[SourceTitle "Telechess CBM 145"]
[Source "Chessbase"]
[SourceDate "2011.11.11"]
[SourceVersion "1"]
[SourceVersionDate "2011.11.11"]
[SourceQuality "1"]

1. g3 d5 2. Bg2 c6 3. d3 Bg4 4. Nf3 Nd7 5. 0-0 Ngf6 6. Nbd2 e5 7. e4 dxe4 8. dxe4 Be7 9. h3 Bh5 10. Qe2 0-0 11. a4 a5 12. Rd1 Qc7 13. Nc4 b5 14. axb5 cxb5 15. Ne3 Rab8 16. g4 Bg6 17. g5 Nxe4 18. Nd5 Qc5 19. Nxe7+ Qxe7 20. Rxd7 Qxd7 21. Nxe5 Qf5 22. Nxg6 fxg6 23. Bxe4 Qxh3 24. Rxa5 Qd7 25. Be3 Rfe8 26. Qf3 Qc7 27. Ra7 Qe5 28. Qf7+ Kh8 29. Bf4 1-0

[Event "CP-2010-P-00034"]
[Site "LSS email"]
[Date "2010.09.28"]
[Round "?"]
[White "Tamashiro, Ariel"]
[Black "Krol, Wladyslaw"]
[Result "0-1"]
[WhiteElo "1295"]
[BlackElo "2111"]
[PlyCount "56"]
[EventDate "2010.10.01"]
[EventType "tourn (corr)"]
[EventRounds "6"]
[EventCountry "GER"]
[SourceTitle "Telechess CBM 151"]
[Source "ChessBase"]
[SourceDate "2012.11.13"]
[SourceVersion "1"]
[SourceVersionDate "2012.11.13"]
[SourceQuality "1"]

1. e4 e5 2. Nf3 Nc6 3. Bb5 a6 4. Bxc6 dxc6 5. 0-0 Qd6 6. d4 exd4 7. Nxd4 Bd7 8. Be3 0-0-0 9. Nd2 c5 10. N4b3 Qe5 11. Qb1 Nf6 12. f3 h5 13. Nc4 Qe6 14. Nbd2 h4 15. c3 Bb5 16. b3 Bxc4 17. Nxc4 b5 18. Nb2 Nd5 19. Bg5 Nxc3 20. Qc2 f6 21. Be3 b4 22. Nc4 h3 23. g3 Be7 24. a3 Rd7 25. axb4 cxb4 26. Ra5 Rhd8 27. Kf2 Rd3 28. Rfa1 Nd1+ 0-1

[Event "LSS No Engine Cup 23 Preliminary 7"]
[Site "LSS email"]
[Date "2010.06.04"]
[Round "?"]
[White "Jaszczowski, Zdzislaw"]
[Black "Tamashiro, Ariel"]
[Result "0-1"]
[WhiteElo "765"]
[BlackElo "1301"]
[PlyCount "66"]
[EventDate "2010.06.05"]
[EventType "tourn (corr)"]
[EventRounds "6"]
[EventCountry "GER"]
[SourceTitle "Telechess CBM 143"]
[Source "ChessBase"]
[SourceDate "2011.07.15"]
[SourceVersion "1"]
[SourceVersionDate "2011.07.15"]
[SourceQuality "1"]

1. e4 c5 2. Nf3 d6 3. d4 cxd4 4. Nxd4 Nf6 5. Bd3 g6 6. 0-0 Bg7 7. Nf3 0-0 8. e5 dxe5 9. Nxe5 Qc7 10. Re1 Be6 11. h3 Nd5 12. Ng4 Nc6 13. Bd2 Bxb2 14. c4 Nf4 15. Bxf4 Qxf4 16. Re4 Qd6 17. Qc2 Bxa1 18. Nc3 Nb4 19. Qe2 Bxc3 20. Bb1 Rad8 21. Nh6+ Kh8 22. a3 Qd1+ 23. Qf1 Qxf1+ 24. Kxf1 Rd1+ 25. Ke2 Rxb1 26. axb4 Re1+ 27. Kd3 Rxe4 28. Kxe4 Bg7 29. Ng4 f5+ 30. Ke3 fxg4 31. hxg4 Bxc4 32. f4 Bc3 33. g3 Bxb4 0-1

[Event "LSS No Engine Cup 23 Preliminary 7"]
[Site "LSS email"]
[Date "2010.06.04"]
[Round "?"]
[White "Tamashiro, Ariel"]
[Black "Zimmermann, Jan Erik"]
[Result "0-1"]
[WhiteElo "1287"]
[BlackElo "953"]
[PlyCount "66"]
[EventDate "2010.06.05"]
[EventType "tourn (corr)"]
[EventRounds "6"]
[EventCountry "GER"]
[SourceTitle "Telechess CBM 143"]
[Source "ChessBase"]
[SourceDate "2011.07.15"]
[SourceVersion "1"]
[SourceVersionDate "2011.07.15"]
[SourceQuality "1"]

1. e4 d5 2. exd5 Qxd5 3. Nc3 Qe5+ 4. Qe2 Qxe2+ 5. Bxe2 c6 6. Nf3 Bf5 7. d3 e6 8. Nh4 Be7 9. Nxf5 exf5 10. Bf4 Nd7 11. 0-0-0 Ngf6 12. Rhe1 0-0 13. h3 Nb6 14. d4 Bb4 15. a3 Bxc3 16. bxc3 Nfd5 17. Bd2 Na4 18. c4 Ndc3 19. Bxc3 Nxc3 20. Rd3 Na4 21. c5 b5 22. Bf3 Rac8 23. Re7 Rfe8 24. Rxa7 Re6 25. Ra6 g6 26. Re3 Rxe3 27. fxe3 Nc3 28. Bxc6 Rc7 29. Rb6 Kf8 30. Bxb5 Nd5 31. Rb8+ Ke7 32. Kd2 Ra7 33. a4 h5 0-1